000 00292nam a22001337a 4500
008 171031b xxu||||| |||| 00| 0 eng d
020 _a9781556238048
041 _aeng
080 _a33
100 _a58
101 _aBUS
245 _aSTOCKS FOR THE LONG RUN
_cSIEGEL,J,J
942 _2udc
_cBK
999 _c36705
_d36705